|
|
|
|
| LEADER |
00000cam a2200000 7i4500 |
| 001 |
0000004098 |
| 005 |
20011028.0 |
| 020 |
|
|
|a 8477411743
|
| 090 |
0 |
0 |
|a 725.98
|b BRI
|
| 245 |
0 |
0 |
|a Bridges 1
|c edited by Francisco Asensio Cerver
|
| 255 |
|
|
|a Vol.1
|
| 260 |
|
|
|a s.l :
|b Ediciones Atrium ,
|c 19-
|
| 300 |
|
|
|a 255p :
|b illust. ;
|c 32 cm.
|
| 490 |
0 |
|
|a New architecture
|
| 650 |
0 |
0 |
|a Bridges
|x Design and construction
|
| 700 |
1 |
|
|a Cerver, Francisco Asensio
|
| 999 |
|
|
|a 00072244
|b BUKU
|c RUJUKAN
|e PERPUSTAKAAN KOMUNITI PETALING JAYA
|
| 999 |
|
|
|a 037289
|b BUKU
|c RUJUKAN
|e PERPUSTAKAAN KOMUNITI PETALING JAYA
|